00347 a2200133 4500020001800000040001300018082001000031100001900041245007400060260002900134300001100163650002000174700001900194 a9780387485324 aDLCbDLC a005.8 aGertz, Michael aHandbook of database security applications and trendscGertz, Michael aNew YorkbSpringerc2008 a577 p. aData encryption aGertz, Michael